[Event "Ol open"]
[Site "Batumi"]
[Date "2018.09.26"]
[Round "3.1"]
[White "Gemy, Jose Daniel"]
[Black "Glud, Jakob Vang"]
[Result "1/2-1/2"]
[WhiteElo "2400"]
[BlackElo "2514"]
[PlyCount "68"]
[EventDate "2018.??.??"]
[EventCountry "GEO"]
[WhiteTeam "Bolivia"]
[BlackTeam "Denmark"]
[WhiteTeamCountry "BOL"]
[BlackTeamCountry "DEN"]

1. e4 e5 2. Nf3 Nc6 3. Bc4 Bc5 4. O-O Nf6 5. d4 Bxd4 6. Nxd4 Nxd4 7. f4 d6 8.
fxe5 dxe5 9. Bg5 Qe7 10. Na3 Rg8 11. Kh1 Bd7 12. Qe1 Ne6 13. Bh4 Bc6 14. Bd5
Bxd5 15. exd5 Nf4 16. Bxf6 gxf6 17. Qe4 Rg5 18. Rae1 Ng6 19. h4 Rh5 20. g3 Qd7
21. Kg1 O-O-O 22. Rxf6 Rg8 23. Kf2 Kb8 24. Qf3 Qd8 25. Rxf7 Rh6 26. h5 Ne7 27.
Rxe5 Nc8 28. Nc4 Nd6 29. Nxd6 Qxd6 30. Ref5 Qc5+ 31. Kg2 Qxc2+ 32. Kh3 a5 33.
Rf8+ Rxf8 34. Rxf8+ Ka7 1/2-1/2

[Event "Ol open"]
[Site "Batumi"]
[Date "2018.09.26"]
[Round "3.2"]
[White "Bekker Jensen, Simon"]
[Black "Aguilar, Luis Miguel"]
[Result "1-0"]
[WhiteElo "2482"]
[BlackElo "2203"]
[PlyCount "59"]
[EventDate "2018.??.??"]
[EventCountry "GEO"]
[WhiteTeam "Denmark"]
[BlackTeam "Bolivia"]
[WhiteTeamCountry "DEN"]
[BlackTeamCountry "BOL"]

1. e4 d6 2. d4 Nf6 3. Nc3 Nbd7 4. Nf3 e5 5. Bc4 Be7 6. O-O h6 7. a4 c6 8. a5
Qc7 9. Qe2 g5 10. dxe5 dxe5 11. h4 g4 12. Nh2 Nf8 13. Be3 h5 14. g3 Rg8 15.
Rfd1 Be6 16. Nf1 Bb4 17. Bg5 N6d7 18. a6 b5 19. Ba2 Bxc3 20. bxc3 Bxa2 21. Rxa2
Ne6 22. Be3 O-O-O 23. c4 Nb6 24. Rxd8+ Rxd8 25. cxb5 cxb5 26. Qxb5 Qc4 27.
Qxc4+ Nxc4 28. Bxa7 Rd1 29. Kg2 Kc7 30. Ra4 1-0

[Event "Ol open"]
[Site "Batumi"]
[Date "2018.09.26"]
[Round "3.3"]
[White "Bolanos, Fernando"]
[Black "Mikkelsen, Nikolaj"]
[Result "0-1"]
[WhiteElo "2215"]
[BlackElo "2467"]
[PlyCount "108"]
[EventDate "2018.??.??"]
[EventCountry "GEO"]
[WhiteTeam "Bolivia"]
[BlackTeam "Denmark"]
[WhiteTeamCountry "BOL"]
[BlackTeamCountry "DEN"]

1. e4 e5 2. Nf3 Nc6 3. Bb5 a6 4. Ba4 d6 5. c3 Bd7 6. O-O g6 7. d4 Bg7 8. Be3
Nf6 9. dxe5 dxe5 10. Nbd2 Qe7 11. h3 h6 12. Qe2 O-O 13. Rad1 Nh5 14. Bc2 Rad8
15. Nb3 Nf4 16. Bxf4 exf4 17. Qc4 Rfe8 18. Qc5 b6 19. Qxe7 Rxe7 20. Nbd4 Rde8
21. Bd3 b5 22. Rfe1 Nxd4 23. Nxd4 Be5 24. Nf3 Bg7 25. Kf1 Bc6 26. Nd2 a5 27.
Nb3 a4 28. Nd4 Bxd4 29. cxd4 Bxe4 30. Bxe4 Rxe4 31. Rxe4 Rxe4 32. Rc1 Rxd4 33.
Ke2 Rb4 34. b3 axb3 35. axb3 Rxb3 36. Rxc7 Kg7 37. h4 g5 38. Rc5 Kg6 39. hxg5
hxg5 40. Rc8 g4 41. Rc2 Kf5 42. Rc5+ Kg6 43. Rc8 Rb2+ 44. Kf1 Kf5 45. Rc5+ Ke4
46. Rc7 f5 47. Re7+ Kd5 48. Rd7+ Ke6 49. Rd4 Ke5 50. Rd8 g3 51. Re8+ Kd6 52.
fxg3 fxg3 53. Rg8 Rf2+ 54. Kg1 f4 0-1

[Event "Ol open"]
[Site "Batumi"]
[Date "2018.09.26"]
[Round "3.4"]
[White "Bjerre, Jonas Buhl"]
[Black "Pinto, Daniel"]
[Result "0-1"]
[WhiteElo "2423"]
[BlackElo "2131"]
[PlyCount "78"]
[EventDate "2018.??.??"]
[EventCountry "GEO"]
[WhiteTeam "Denmark"]
[BlackTeam "Bolivia"]
[WhiteTeamCountry "DEN"]
[BlackTeamCountry "BOL"]

1. e4 e5 2. Nf3 Nc6 3. Bc4 Nf6 4. d3 Bc5 5. c3 d6 6. O-O a6 7. a4 Ba7 8. Na3
Ne7 9. Nc2 Ng6 10. Be3 O-O 11. Bxa7 Rxa7 12. Ne3 b6 13. Qc2 c6 14. b4 Rc7 15.
Rad1 b5 16. Ba2 Ng4 17. c4 bxa4 18. c5 dxc5 19. bxc5 Qf6 20. h3 Nh6 21. Nd2 Nf4
22. Ndc4 Qg5 23. Kh1 Qh5 24. f3 Kh8 25. Qf2 Be6 26. Nd6 a3 27. Bxe6 Nxe6 28.
Nec4 Nf4 29. Nxa3 f5 30. Nac4 Re7 31. Na5 Re6 32. Nxc6 Rg6 33. g3 Nxh3 34. Qh2
fxe4 35. fxe4 Rgf6 36. Rxf6 Qxd1+ 37. Kg2 Rxf6 38. Kxh3 Qh5+ 39. Kg2 Rf2+ 0-1

[Event "Ol open"]
[Site "Batumi"]
[Date "2018.10.05"]
[Round "11.1"]
[White "Glud, Jakob Vang"]
[Black "Iturrizaga Bonelli, Eduardo"]
[Result "1-0"]
[WhiteElo "2514"]
[BlackElo "2636"]
[PlyCount "73"]
[EventDate "2018.??.??"]
[EventCountry "GEO"]
[WhiteTeam "Denmark"]
[BlackTeam "Venezuela"]
[WhiteTeamCountry "DEN"]
[BlackTeamCountry "VEN"]

1. c4 c5 2. g3 g6 3. Bg2 Bg7 4. Nc3 Nc6 5. Nf3 d6 6. O-O e6 7. b3 Nge7 8. Bb2
O-O 9. Rc1 a6 10. e3 Nf5 11. Qc2 b5 12. Nh4 Nfe7 13. d3 Rb8 14. Rfd1 f5 15. Nf3
e5 16. Qd2 h6 17. Ne2 Be6 18. h4 Bf7 19. Bh3 Qb6 20. Bc3 Rfd8 21. Qe1 d5 22.
cxd5 Nxd5 23. h5 Nxc3 24. Nxc3 Nb4 25. Qe2 Qf6 26. Nh4 Be6 27. hxg6 Rd6 28. e4
f4 29. Bxe6+ Rxe6 30. Qg4 Rd8 31. a3 fxg3 32. fxg3 Nxd3 33. Rxd3 Rxd3 34. Rf1
Rxc3 35. Rxf6 Rxf6 36. Qc8+ Bf8 37. Kg2 1-0

[Event "Ol open"]
[Site "Batumi"]
[Date "2018.10.05"]
[Round "11.2"]
[White "Zavarce Sayago, Oscar Enrique"]
[Black "Bekker Jensen, Simon"]
[Result "0-1"]
[WhiteElo "2346"]
[BlackElo "2482"]
[PlyCount "94"]
[EventDate "2018.??.??"]
[EventCountry "GEO"]
[WhiteTeam "Venezuela"]
[BlackTeam "Denmark"]
[WhiteTeamCountry "VEN"]
[BlackTeamCountry "DEN"]

1. e4 c5 2. Nf3 d6 3. d4 cxd4 4. Nxd4 Nf6 5. Nc3 a6 6. h3 e5 7. Nb3 Be6 8. Be3
Be7 9. Qf3 O-O 10. g4 a5 11. Bb5 Na6 12. O-O-O Nc7 13. Bb6 Qb8 14. Bxc7 Qxc7
15. Kb1 Nd7 16. Nd5 Bxd5 17. exd5 a4 18. Nd2 a3 19. Bxd7 Qxd7 20. Nc4 f5 21.
Qb3 Qc7 22. Nxa3 fxg4 23. hxg4 Rxf2 24. Nc4 Bg5 25. Rhf1 Raf8 26. Rxf2 Rxf2 27.
Qb5 Qc8 28. a4 h6 29. c3 Qxg4 30. Re1 Be7 31. Ka2 Qc8 32. Kb3 Rf7 33. Nd2 h5
34. Ne4 h4 35. Qd3 Qg4 36. Qb5 h3 37. Qe8+ Bf8 38. Nxd6 Re7 39. Qb8 h2 40. Rf1
Qf4 41. Rh1 e4 42. Qd8 e3 43. Nc8 Rc7 44. Nb6 e2 45. d6 Qxd6 46. Qxd6 Bxd6 47.
Nd5 Bg3 0-1

[Event "Ol open"]
[Site "Batumi"]
[Date "2018.10.05"]
[Round "11.3"]
[White "Ochsner, Bjorn Moller"]
[Black "Vivas Zamora, Fabian Ernesto"]
[Result "1-0"]
[WhiteElo "2462"]
[BlackElo "2363"]
[PlyCount "87"]
[EventDate "2018.??.??"]
[EventCountry "GEO"]
[WhiteTeam "Denmark"]
[BlackTeam "Venezuela"]
[WhiteTeamCountry "DEN"]
[BlackTeamCountry "VEN"]

1. e4 c5 2. Nf3 d6 3. d4 cxd4 4. Nxd4 Nf6 5. Nc3 a6 6. h3 e5 7. Nde2 h5 8. g3
Be6 9. Bg2 Nbd7 10. a4 Be7 11. O-O Rc8 12. Be3 Bc4 13. Qd2 Qa5 14. Rfd1 Qb4 15.
Nc1 O-O 16. Rb1 b5 17. b3 Be6 18. N1a2 Qa3 19. Ra1 Rb8 20. Nd5 Bxd5 21. Nb4
Qxa1 22. Rxa1 Bxe4 23. Nxa6 Rbc8 24. Bxe4 Nxe4 25. Qd5 Nef6 26. Qxb5 Rxc2 27.
Nb4 Rc7 28. Nc6 Re8 29. a5 d5 30. a6 d4 31. Nxe7+ Rxe7 32. a7 Rxa7 33. Rxa7
dxe3 34. fxe3 e4 35. Qf5 Re6 36. Ra8+ Nf8 37. Qc5 N6d7 38. Qc7 Ne5 39. b4 h4
40. Qd8 Neg6 41. gxh4 Re5 42. Ra5 Re6 43. h5 Ne5 44. Ra8 1-0

[Event "Ol open"]
[Site "Batumi"]
[Date "2018.10.05"]
[Round "11.4"]
[White "Palencia Morales, Wilson Guillermo"]
[Black "Bjerre, Jonas Buhl"]
[Result "0-1"]
[WhiteElo "2345"]
[BlackElo "2423"]
[PlyCount "80"]
[EventDate "2018.??.??"]
[EventCountry "GEO"]
[WhiteTeam "Venezuela"]
[BlackTeam "Denmark"]
[WhiteTeamCountry "VEN"]
[BlackTeamCountry "DEN"]

1. d4 Nf6 2. Nf3 g6 3. Nc3 d5 4. Bg5 Ne4 5. Bh4 Nxc3 6. bxc3 Bg7 7. e3 c5 8.
Be2 Nc6 9. O-O O-O 10. Rb1 b6 11. c4 cxd4 12. Nxd4 Nxd4 13. exd4 Be6 14. Re1
Rc8 15. c5 bxc5 16. Ba6 Rc7 17. Bg3 Bxd4 18. Bxc7 Qxc7 19. Qd2 Be5 20. g3 c4
21. Qe3 Bf6 22. Red1 Qa5 23. Bb7 Qxa2 24. Qc5 Rd8 25. c3 Bxc3 26. Rbc1 Qa5 27.
Qxe7 Rd7 28. Qe8+ Kg7 29. Ba8 Rd8 30. Qc6 Bf6 31. Bb7 Qb6 32. Qxb6 axb6 33. Rb1
d4 34. Rxb6 d3 35. Ba6 Bg4 36. Rd2 Bc3 37. Ra2 d2 38. Rxd2 Rxd2 39. Bxc4 Bd4
40. Rb7 Bxf2+ 0-1